|
|
|
|
| LEADER |
00000nam0a2200000 4500 |
| 001 |
274219 |
| 005 |
20231101234715.0 |
| 020 |
|
|
|a RU
|b 85-100342
|
| 035 |
|
|
|a (RuTPU)RU\TPU\book\297429
|
| 090 |
|
|
|a 274219
|
| 100 |
|
|
|a 20141031d1985 k y0rusy5003 ca
|
| 101 |
1 |
|
|a rus
|c bul
|
| 102 |
|
|
|a RU
|
| 105 |
|
|
|a a z 000zy
|
| 200 |
1 |
|
|a Взаимодействие музыкальных форм
|e пер. с болг.
|f П. Ц. Стоянов
|
| 210 |
|
|
|a Москва
|c Музыка
|d 1985
|
| 215 |
|
|
|a 269 с.
|c нот. ил.
|
| 606 |
1 |
|
|a Музыка
|2 stltpush
|3 (RuTPU)RU\TPU\subj\73462
|9 86458
|
| 610 |
1 |
|
|a музыкальные жанры
|
| 610 |
1 |
|
|a музыкальные произведения
|
| 610 |
1 |
|
|a музыкальные формы
|
| 610 |
1 |
|
|a анализ
|
| 675 |
|
|
|a 78
|z rus
|v 4
|
| 700 |
|
1 |
|a Стоянов
|b П. Ц.
|4 070
|
| 801 |
|
0 |
|a RU
|b RuMRKP
|c 19950704
|g psbo
|
| 801 |
|
1 |
|a RU
|b 63413507
|c 20141031
|
| 801 |
|
2 |
|a RU
|b 63413507
|c 20170119
|g RCR
|
| 942 |
|
|
|c BK
|